Théorie élémentaire des fonctions analytiques d'une ou plusieurs variables complexes /
Guardado en:
| Autor Principal: | |
|---|---|
| Formato: | Libro |
| Idioma: | French |
| Publicado: |
Paris :
Hermann,
c1961.
|
| Edición: | 4e. éd. |
| Series: | Enseignement des Sciences
|
| Etiquetas: |
Agregar Etiqueta
Sin Etiquetas, Sea el primero en etiquetar este registro!
|
| LEADER | 00633nam a22001815a 4500 | ||
|---|---|---|---|
| 001 | MAT.inmabb006794 | ||
| 008 | 130705s1961####fr############001#0#fre#d | ||
| 005 | 20130806094230.0 | ||
| 245 | 1 | 0 | |a Théorie élémentaire des fonctions analytiques d'une ou plusieurs variables complexes / |c Henri Cartan ; avec le concours de Reiji Takahashi. |
| 250 | |a 4e. éd. | ||
| 260 | |a Paris : |b Hermann, |c c1961. | ||
| 300 | |a 231 p. ; |c 23 cm. | ||
| 440 | 0 | |a Enseignement des Sciences | |
| 500 | |a Incluye índice. | ||
| 510 | 4 | |a MR, |c 26 #5138 | |
| 100 | 1 | |a Cartan, Henri Paul, |d 1904- | |
| 084 | |a 30-01 (32-01) |2 msc2000 | ||
| 859 | |h 30 |i C322 |p A-8828 |b BIB. MATEMATICA | ||
